| 000 | 00709nab a22002297a 4500 | ||
|---|---|---|---|
| 001 | 18132 | ||
| 003 | HDC | ||
| 007 | cr bn ---aaaaa | ||
| 008 | 210128c20171006my ||||o |||| 00| 00eng d | ||
| 040 | _aHDC | ||
| 245 | 0 | _aPI1M helps entrepreneurs grow business online | |
| 336 |
_atext _2rdacontent |
||
| 337 |
_acomputer _2rdamedia |
||
| 338 |
_aonline resource _2rdacarrier |
||
| 650 |
_aBusiness _9207 |
||
| 650 |
_aEntrepreneurship _9209 |
||
| 710 | _aDaily Express | ||
| 856 | _zRequest full-text at [email protected] | ||
| 942 | _2lcc | ||
| 942 | _cNEWS | ||
| 942 | _kNWSO 007514 | ||
| 999 |
_c15448 _d15448 |
||